000 01039nam a2200289 i 4500
003 EG-GICUC
005 20260412074058.0
008 260312s1921 uk ||||fr|||| 001 0 eng d
040 _aEG-GiCUC
_beng
_cEG-GiCUC
_dEG-GiCUC
_eRda
082 0 4 _221
_a341.6047
_bKN . W
092 0 4 _221
099 _aLaw1 11 341.6047 KN . W 1921
100 1 _aKnox, Major-general Alfred
_eAuthor.
245 1 0 _aWith the Russian Army 1914-1917 :
_bBeing Chiefly Extracts From the Diary of a Military Attaché.
_nVOL. II /
_cMajor-general Alfred Knox.
264 1 _aLondon :
_bHutchinson & Co,
_c1921.
300 _a760page :
_billustration ;
_c 24 cm.
336 _2rda contenu
_a texte
337 _2rda medias
_aOrdinateur
338 _2 transporteur rda
_a Ressource en ligne
504 _aIncludes bibliographical references and index.
546 _aText in English
650 1 4 _aPublic international law
_2
651 1 _2
856 4 0 _uhttps://fll.law.cu.edu.eg/fulltext/bks/B11-08594.pdf
905 _a50
942 _2ddc
_cBK
_e21
_n0
999 _c66282
_d66282